東京メトロ 発車メロディークイズ - Statistics

General Stats
  • This quiz has been taken 296 times
    294 since last reset
  • The average score is 72 of 290
Answer Stats
ヒント Answer % Correct
G上野駅 さくら(独唱)
74%
G三越前駅 | G日本橋駅 | T日本橋駅 | 三越前駅 お江戸日本橋
68%
浅草駅
65%
秋葉原駅 恋するフォーチュンクッキー
64%
乃木坂駅 君の名は希望
58%
G銀座駅 銀座カンカン娘
56%
神田駅 お祭りマンボ
56%
T九段下駅 大きな玉ねぎの下で
54%
西新宿駅 ピアノマン
48%
東西線A線 A Day in the Metro
48%
F渋谷駅 おとぎのワルツ
47%
新大塚駅 もうすぐ扉が閉まります
44%
H銀座駅 銀座の恋の物語
44%
中野坂上駅 ベリル
43%
G渋谷駅 道はここから
42%
G渋谷駅 アンディーン
42%
F新宿三丁目駅 不思議のワルツ
41%
G赤坂見附駅 オレンジピール
40%
小竹向原駅 無休
40%
北参道駅 ぐるぐる
39%
東京駅 らくらく乗降
38%
M大手町駅 快適乗降
38%
M後楽園駅 マウンテン
38%
平和台駅 こおろぎ
38%
豊洲駅 たんとんとん
37%
半蔵門駅 てんつつ
37%
綾瀬駅 閃緑
36%
西日暮里駅 ソーダ水
36%
小竹向原駅 キャロット
36%
東西線B線 Beyond the Metropolis
36%
新橋駅 スタートライン
35%
方南町駅 スペシャルゲスト
35%
綾瀬駅
35%
辰巳駅 駆け込み禁止
35%
方南町駅 希望の電車
34%
広尾駅 希望の地へ
34%
綾瀬駅 雨が上がったよ
34%
代々木公園駅 常磐木
34%
地下鉄成増駅 電車ライト
34%
Y池袋駅 OK!
34%
F池袋駅 TOKYO CITY
34%
外苑前駅 ようこそ!
33%
東京駅 夢心地
33%
M池袋駅 フランソワ
33%
中野新橋駅 ロッキンメトロ
33%
C明治神宮前駅 月夜のカーニバル
33%
赤坂駅 ペリドット
32%
N溜池山王駅 天然水
32%
F渋谷駅 愛ステーション
32%
虎ノ門駅 シトラスの香り
31%
中野坂上駅 ラッキーボーイ
31%
綾瀬駅 市松模様
31%
C明治神宮前駅 カトレアの花束
31%
地下鉄成増駅 はらり
31%
桜田門駅 雪景色
31%
中野坂上駅 Endless Trip
31%
中野坂上駅 角を曲がれば
30%
M銀座駅 小鳥の行進
30%
小竹向原駅 オーバーフロー
30%
神保町駅 ブックマーク
30%
G表参道駅 早瀬
29%
新宿駅 ミツバチの兄弟
29%
M四ツ谷駅 ヒーリング電車
29%
北綾瀬駅 千歳緑
29%
C国会議事堂前駅 希望を乗せて
29%
C表参道駅 三つの願い
29%
平和台駅 輪になって
29%
Y永田町駅 サムライ電車
29%
押上駅 紫電
29%
F千川駅 オン・ザ・コーナー
29%
Z大手町駅 メトロでGo!
29%
G赤坂見附駅 星を探して
28%
京橋駅 雪月花
28%
M四ツ谷駅 駅ウォーキング
28%
M赤坂見附駅 メトロタウン
28%
M国会議事堂前駅 東京旅姿
28%
M後楽園駅 サークルゲーム
28%
綾瀬駅 プリティ・タウン
28%
新御茶ノ水駅 モザイク
28%
小竹向原駅 駅ストレッチ
28%
豊洲駅 風はみどりの
28%
新木場駅 明日はきっと
28%
G表参道駅 永遠に続く道
27%
M国会議事堂前駅 ランダムショット
27%
本郷三丁目駅 素敵にハート
27%
H上野駅 さあ、行くよ!
27%
Y飯田橋駅 星のゆくえ
27%
桜田門駅 地下鉄が好き
27%
有楽町駅 アンブレラ・ワルツ
27%
錦糸町駅 光彩都市
27%
F明治神宮前駅 てんとう虫のステップ
27%
荻窪駅 ハート畑
26%
新宿駅 きらめく小川
26%
中野富士見町駅 コサージュ
26%
南千住駅 プリズム
26%
三ノ輪駅 タイムマシン
26%
築地駅 潮騒
26%
C大手町駅 あなたと一緒なら
26%
二重橋前駅 水のワルツ
26%
白金台駅 銀のしずく
26%
西早稲田駅 クリストフ
26%
東新宿駅 きらめくホーム
26%
N溜池山王駅 poco a poco
26%
外苑前駅 Ready To Go
26%
西新宿駅 ラッキーカード
25%
南千住駅 桜の川堤
25%
人形町駅 御伽草子
25%
C大手町駅 光のカテナリー
25%
白金台駅 テラコッタ
25%
四谷三丁目駅 cielo azur
25%
新中野駅 Comical Train
25%
G青山一丁目駅 いつかきっと
24%
中野富士見町駅 スタイルブック
24%
中野新橋駅 落ち葉の舗道
24%
H茅場町駅 スピネル
24%
虎ノ門ヒルズ駅 輝く都市
24%
神谷町駅 昇って降りて
24%
C表参道駅 ハイヒールパレード
24%
地下鉄赤塚駅 始まるよ
24%
Y永田町駅 パピヨン
24%
Y池袋駅 bright
24%
H上野駅 Toy garden
24%
虎ノ門駅 玉紫陽花
23%
京橋駅 蜜柑色の夢
23%
荻窪駅 星の贈りもの
23%
M新宿三丁目駅 ステーションベル
23%
小伝馬町駅 いつもの店で
23%
広尾駅 昼下がりのテラス
23%
町屋駅 気分はスイング
23%
C日比谷駅 ショウが始まるよ
23%
C日比谷駅 スニーカー
23%
赤坂駅 きっと、また会える
23%
代々木公園駅 若葉の散歩道
23%
氷川台駅 もう来ます
23%
白金高輪駅 素敵なお店
23%
東新宿駅 花咲く街角
23%
新高円寺駅 Blue sky
23%
新橋駅 Fast River
23%
六本木駅 patio
23%
南阿佐ヶ谷駅 ひかりの反射
22%
新中野駅 スイートムーン
22%
M銀座駅 明日の扉
22%
M大手町駅 潤い電車
22%
本郷三丁目駅 サニーサイドステーション
22%
M池袋駅 キラリトレイン
22%
H茅場町駅 キャノピー
22%
八丁堀駅 黄金虫のワルツ
22%
西日暮里駅 帰り道
22%
二重橋前駅 橋を渡れば
22%
有楽町駅 一緒に
22%
月島駅 旅の前日
22%
半蔵門駅 寿式三番叟
22%
駒込駅 ツツジ、咲く
22%
F明治神宮前駅 ゆっくり行こう
22%
東高円寺駅 駅にサンキュー
21%
淡路町駅 駅スイート
21%
虎ノ門ヒルズ駅 夏雲
21%
湯島駅 古今
21%
地下鉄赤塚駅 レッツトレイン
21%
東池袋駅 時のスパイラル
21%
護国寺駅 かざぐるま
21%
江戸川橋駅 星の舞踏会
21%
月島駅 江戸の街
21%
白金高輪駅 エメラルド・グリーン
21%
東大前駅 花咲く学び舎
21%
西早稲田駅 シルバーレール
21%
F新宿三丁目駅 夢見るハート
21%
北参道駅 プラット散歩2
21%
F池袋駅 Morning station
21%
淡路町駅 Safety
21%
新宿御苑前駅 レインボウ電車
20%
M赤坂見附駅 レインシャワー
20%
M霞ケ関駅 スマイル電車
20%
御茶ノ水駅 ハートレール
20%
人形町駅 そぞろ歩き
20%
六本木駅 セレンディピティ
20%
千駄木駅 古きをたずねて
20%
C国会議事堂前駅 ペパーミント
20%
C霞ケ関駅 memoir
20%
G青山一丁目駅 コンシェルジュ
19%
南阿佐ヶ谷駅 夢行きステップ
19%
東高円寺駅 羽根をひろげて
19%
新宿御苑前駅 駅メモリー
19%
三ノ輪駅 星まつり
19%
仲御徒町駅 アッシュグレイ
19%
恵比寿駅 アルテミス
19%
根津駅 ほっと一息
19%
C霞ケ関駅 穏やかな午後を
19%
護国寺駅 冒険電車
19%
銀座一丁目駅 花時計
19%
新富町駅 雨が上がれば
19%
九段下駅 センスオブワンダー
19%
神保町駅 夕涼み
19%
赤羽岩淵駅 ティー・スプーン
19%
F要町駅 イーストパラダイス
19%
雑司ヶ谷駅 シーサイド
19%
F要町駅 City Runner
19%
Y市ケ谷駅 common
19%
N後楽園駅 Take Me Out To The Ball Game
19%
M霞ケ関駅 Tokyo Line
19%
M新宿三丁目駅 ひとやすみ
18%
新大塚駅 ドリーム駅
18%
築地駅 オールマイティー
18%
東銀座駅 桃山
18%
新御茶ノ水駅 すばらしき出会い
18%
辰巳駅 スキップ車両
18%
水天宮前駅 糸竹の道
18%
六本木一丁目駅 さざ波
18%
六本木一丁目駅 陽だまり
18%
N永田町駅 明日への階段
18%
駒込駅 ビスマス
18%
王子駅 地図を広げて
18%
新高円寺駅 ハートスタイル
17%
四谷三丁目駅 トレインライト
17%
H日比谷駅 銀杏の下で
17%
町屋駅 夏木立
17%
Y千川駅 スター電車
17%
Y要町駅 休みながら
17%
Y飯田橋駅 ラブリートレイン
17%
麴町駅 キューティー電車
17%
九段下駅 手を取って
17%
押上駅 ライブラリー
17%
麻布十番駅 カリンの実
17%
N四ツ谷駅 ソフィアの鐘の音
17%
N飯田橋駅 坂のある街
17%
王子駅 ノッカー
17%
雑司ヶ谷駅 ティータイム
17%
東新宿駅 春の翼
17%
千駄木駅 Retro Urban
17%
銀座一丁目駅 Rolling
17%
御茶ノ水駅 ジェントルトレイン
16%
入谷駅 銀箭
16%
H日比谷駅 公園日和
16%
H霞ケ関駅 明日への序章
16%
湯島駅 緑のスキップ
16%
氷川台駅 ワクワク電車
16%
Y要町駅 電車へステップ
16%
Z表参道駅 エントランス
16%
Z青山一丁目駅 サヴァラン
16%
Z永田町駅 黎明
16%
Z大手町駅 マーキュリー
16%
押上駅 スタートアップ
16%
麻布十番駅 ミントベル
16%
N市ケ谷駅 オアシス
16%
東大前駅 銀杏の並木道
16%
本駒込駅 屋敷のある街
16%
志茂駅 月は南に
16%
F千川駅 Good day
16%
本駒込駅 Next Step
16%
八丁堀駅 煌めき
15%
根津駅 花便り
15%
東池袋駅 マイルド電車
15%
Y市ケ谷駅 電車でウキウキ
15%
麴町駅 きらめき電車
15%
清澄白河駅 万華鏡
15%
白金高輪駅 躍動する都会
15%
志茂駅 時のしらべ
15%
入谷駅 花びら
14%
小伝馬町駅 向こう岸
14%
江戸川橋駅 風香る駅
14%
Z表参道駅 薫風
14%
Z青山一丁目駅 朝陽のシャワー
14%
清澄白河駅 カットグラス
14%
錦糸町駅 五月雨
14%
白金高輪駅 つかの間の
14%
東新宿駅 風を感じて
14%
仲御徒町駅 ゆれる袂
13%
東銀座駅 ノスタルジア
13%
N永田町駅 希望の夜明け
13%
N飯田橋駅 水の戯れ
13%
西ケ原駅 桜並木を望んで
13%
赤羽岩淵駅 リズムガーデン
13%
神谷町駅 Lovely Morning
13%
Y千川駅 さわやかステーション
12%
新富町駅 目覚めの電車
12%
住吉駅 花霞
12%
王子神谷駅 小さなオルゴール
12%
恵比寿駅 Sparkling Road
12%
H霞ケ関駅 今日も一日
11%
水天宮前駅 川の辺
11%
押上駅 見上げる空に
11%
N四ツ谷駅 午後のひととき
11%
N市ケ谷駅 明るい水辺
11%
西ケ原駅 風のゆくえ
11%
王子神谷駅 いつもの駅で
10%
Z永田町駅 今日もどこかで
9%
住吉駅 深呼吸
8%
No matching quizzes found
Score Distribution
Percent of People with Each Score
Percentile by Number Answered
Your Score History
You have not taken this quiz since the last reset